=LDR 00000nam 2200000 4500 =001 INLIS000000000011260 =005 20130612102837 =008 ***********************************Ind** =035 ##$$0010-061300000011260 =041 ##$$a Ind =082 ##$$a 959-88 =090 ##$$a 959.88, Tjo r =100 ##$$a Tjandronegoro, Sudjarwo =245 ##$$a Rendez- Vous dengan revulusi di Irian Barat, Sudjarwo Tjondro negoro =260 ##$$a 1977 $b sakarila =300 ##$$a 67 hlm, ilus, 21 cm =650 ##$$a Sejarah- Irian =850 ##$$a NBPNMAT